[Event "Montreal Automne Specialiste"]
[Site "Montreal"]
[Date "1986.10.11"]
[Round "4"]
[White "Zalys, Ignas"]
[Black "Couture, Conrad"]
[Result "1-0"]
[WhiteElo "1950"]
[BlackElo "1750"]
[PlyCount "109"]
[EventDate "1986.10.04"]
[EventType "swiss"]
[EventRounds "5"]
[EventCountry "CAN"]
[SourceTitle "EXT 2022"]
[Source "ChessBase"]
[SourceDate "2021.10.06"]
[SourceVersion "1"]
[SourceVersionDate "2021.10.06"]
[SourceQuality "1"]

1. e4 c5 2. Nf3 e6 3. d4 cxd4 4. Nxd4 Nf6 5. Nc3 d6 6. g4 a6 7. g5 Nfd7 8. Be3 b5 9. a3 Bb7 10. Bg2 Nb6 11. b3 Qc7 12. Qd2 N8d7 13. Nce2 Rc8 14. 0-0 Be7 15. Ng3 0-0 16. f4 d5 17. e5 Nc5 18. Qe2 Ne4 19. Qd3 Nd7 20. b4 Qc3 21. Nxe4 dxe4 22. Bxe4 Bxe4 23. Qxe4 Rc4 24. Rfd1 Nb6 25. Qd3 Nd5 26. Qxc3 Rxc3 27. Bc1 Rfc8 28. f5 exf5 29. Bd2 R3c4 30. Nxf5 Bd8 31. Nd6 Rg4+ 32. Kf1 Rxc2 33. Rac1 Rxc1 34. Bxc1 Bb6 35. Rxd5 Rg1+ 36. Ke2 Rxc1 37. Nf5 h6 38. gxh6 gxh6 39. Nxh6+ Kf8 40. Nf5 Rc2+ 41. Kd3 Rxh2 42. Rd6 Bc7 43. Rxa6 Rh3+ 44. Ke4 Ke8 45. Ra7 Kd8 46. Nd6 Bxd6 47. exd6 Rb3 48. Kd5 Rd3+ 49. Kc6 Rc3+ 50. Kxb5 f5 51. a4 f4 52. Rf7 f3 53. a5 Rd3 54. a6 Ra3 55. Kb6 1-0